000 00303nam a2200109 a 4500
005 20140414131933.0
008 110108s19uu xx 00 eng d
050 _aREF 413.21
_bEu7 2003
245 _aEuropean phrase book. /
_cby the staff of Berlitz Guides.
260 _bBerlitz,
_c2003.
999 _c112303
_d112303